El planeta subdesarrollado /

Guardado en:
Autor Principal: Capalbo, Lucio.
Formato: Libro
Idioma:Spanish
Publicado: Buenos Aires : Baha'is Indolatinoamericana, 1995.
Materias:
Etiquetas: Agregar Etiqueta
Sin Etiquetas, Sea el primero en etiquetar este registro!
LEADER 00588nam a22001815a 4500
001 EAD.ead000048
008 051006s1995####ag############000#0#spa#d
005 20051102113248.0
245 1 3 |a El planeta subdesarrollado /  |c Lucio Capalbo. 
260 |a Buenos Aires :  |b Baha'is Indolatinoamericana,  |c 1995. 
300 |a 223 p. ;  |c 19 cm. 
020 |a 9508900024 
100 1 |a Capalbo, Lucio. 
082 0 4 |a 304.2  |2 21 
650 7 |a Ecología humana.  |2 unbist 
650 7 |a Desarrollo social.  |2 unbist 
650 7 |a Cambio social.  |2 unbist 
859 |a AR-BaBDC  |b BIB. ADMINISTRACION GABCOOP - Libros  |h 304.2  |i C17  |p g01175